Statistiche per Città sopra o sotto il Tropico del Capricorno? - Quiz n°4

Clicka qui per fare il quiz!

Statistiche generali

  • Questo quiz è stato fatto 6 volte
  • Il punteggio medio è 7 su 10

Statistiche sulle risposte

HintRisposta% Corretto
Buenos AiresSud del Tropico del Cancro
100%
Città del CapoSud del Tropico del Cancro
100%
SydneySud del Tropico del Cancro
100%
Rio de JaneiroNord del Tropico del Capricorno
80%
La PlataSud del Tropico del Cancro
80%
DiliNord del Tropico del Capricorno
60%
LilongweNord del Tropico del Capricorno
60%
BujumburaNord del Tropico del Capricorno
60%
WindhoekNord del Tropico del Capricorno
40%
MaputoSud del Tropico del Cancro
20%

Distribuzione punteggi

Percentile per numero di risposta

Percentuale di utenti per punteggio

I tuoi punteggi nel tempo

Non hai fatto questo quiz